000 00783nam a2200241 a 4500
008
020 _a0908307071 (pbk.)
049 _aMAIN
090 _aHD5702.5.Z55
245 0 0 _aFormal sector employment demand conditions in Zimbabwe :
_breport of a study /
_cprepared by A. M. Hawkins . . . [et al.].
260 0 _aHarare :
_bUniversity of Zimbabwe,
_c1988.
300 _avii, 52 p. ;
_c21 cm.
500 _aIncludes bibliographical references.
650 0 _aLabor supply
_zZimbabwe.
650 0 _aEmployment forecasting
_zZimbabwe.
700 _aShadur, M. A.
700 1 0 _aHawkins, A. M.
907 _a.b10086651
_b25-08-03
_c25-08-03
003
005 20230123133403.0
040 _cNUST
942 _cBOOKS
_kHD5702.5.Z55
999 _c147714
_d147714